000 00707pam a2200253 a 4500
001 1406292
003 OSt
005 20140310181629.0
008 830630s1985 nyua b 001 0 eng
010 _a 83014054
020 _a081601017X
040 _aDLC
_cDLC
_dDLC
043 _aa-vt---
050 0 0 _aDS 557.7
_b.Su94 1985
082 0 0 _aHS 959.7043
_bS94 1985
100 1 _aSummers, Harry G.
_915329
245 1 0 _aVietnam war almanac /
_cHarry G. Summers, Jr.
260 _aNew York, N.Y. :
_bFacts on File,
_cc1985.
300 _ax, 414 p. :
_bill. ;
_c25 cm.
650 0 _aVietnam War, 1961-1975.
_912329
906 _a7
_bcbc
_corignew
_d1
_eocip
_f19
_gy-gencatlg
942 _2lcc
_cHS
999 _c447
_d447